Harry Potter, Twilight, and Hunger Games Character Sort Quiz Stats

 Plays Quiz not verified by Sporcle

Challenge
Share
Tweet
Embed
Score 0/30 Timer 04:00
0 Plays Today
Character Series % Correct
Rosalie Hale???
77.5%
Sam Uley???
76.5%
Amos Diggory???
74.5%
Dean Thomas???
73%
Renee Dwyer???
72.1%
Haymitch Abernathy???
70.6%
Riley Biers???
70.6%
Katie Bell???
69.6%
Emily Young???
69.6%
Bree Tanner???
68.1%
Quil Ateara???
68.1%
Elphias Doge???
67.6%
Paul Lahote???
67.6%
Angelina Johnson???
67.6%
Alma Coin???
67.2%
Character Series % Correct
Angela Weber???
67.2%
Alecto Carrow???
66.2%
Terry Boot???
65.7%
Annie Cresta???
64.7%
Johanna Mason???
64.2%
Madge Undersee???
64.2%
Tyler Crowley???
64.2%
Hazelle Hawthorne???
63.7%
Claudius Templesmith???
61.3%
Marietta Edgecomb???
58.8%
Frank Bryce???
57.8%
Maysilee Donner???
57.4%
Delly Cartwright???
56.4%
Romulus Thread???
49%
Septima Vector???
49%

You're not logged in!

Compare scores with friends on all Sporcle quizzes.
Join for Free
OR
Log In

You Might Also Like...

Show Comments

Extras

Top Quizzes Today


Score Distribution

Your Account Isn't Verified!

In order to create a playlist on Sporcle, you need to verify the email address you used during registration. Go to your Sporcle Settings to finish the process.

Report this User

Report this user for behavior that violates our Community Guidelines.

Details: